| 000 | 00355 a2200109 4500 | ||
|---|---|---|---|
| 020 | _a9788131419670 | ||
| 082 | _a553.79 BHA | ||
| 100 | _aBhatnagar, M., ed. | ||
| 245 |
_aGroundwater management : sustainable approaches / _cEdited by M. Bhatnagar |
||
| 260 |
_aHyderabad : _bThe Icfai University Press, _c2008 |
||
| 300 |
_aix, 305p. : _bill., ; _c23 cm. |
||
| 650 | _aGroundwater management | ||
| 999 |
_c689 _d689 |
||